[Event "HUN-chT 2017-18"]
[Site "Budapest"]
[Date "2018.05.05"]
[Round "8"]
[White "Dory, Jeno"]
[Black "Polak, Tomas"]
[Result "1/2-1/2"]
[WhiteElo "2197"]
[BlackElo "2497"]
[Annotator "TA"]
[PlyCount "66"]
[EventDate "2018.??.??"]
[EventType "team-tourn"]
[EventCountry "HUN"]
[SourceTitle "playchess.com"]
[Source "ChessBase"]
[SourceQuality "1"]

{[%evp 16,66,20,16,-1,0,0,0,-2,-18,6,0,22,4,67,68,45,31,91,0,18,0,0,0,0,0,0,0,0,-13,-8,-16,0,-39,-1,-12,-21,-47,-6,-13,-1,-2,-1,-61,9,9,9,9,9,9,9,9,16]} 1. e4 e5 2. Nf3 Nc6 3. Bb5 Nge7 4. d4 exd4 5. Nxd4 g6 6. Nc3 Bg7 7. Be3 O-O 8. O-O d5 9. exd5 {LiveBook: 15 Games. C60: Ruy Lopez: Unusual Black 3rd moves and 3...g6} (9. Nxd5 Nxd5 10. exd5 Nxd4 11. Bxd4 Qxd5 12. Bxg7 Qxd1 13. Raxd1 Kxg7 14. Bd7 Rd8 15. Bxc8 Raxc8 16. f4 Kf6 17. Kf2 Re8 18. Rd4 Rcd8 19. Rfd1 Rxd4 20. Rxd4 {½-½ (20) Brkic,A (2552)-Bosiocic,M (2610) Valpovo 2017}) 9... Nb4 10. Qd2 Nbxd5 11. Nxd5 Qxd5 $146 ({Predecessor:} 11... Nxd5 12. Bh6 Bxh6 13. Qxh6 a6 14. Bd3 Nb4 15. Nf3 Qf6 16. Ng5 Qg7 17. Qxg7+ Kxg7 {0-1 (62) Narenthran,S (1693)-Michelle,C (2052) Chennai 2011}) 12. c4 Qd6 13. Rad1 a6 14. Ba4 b5 (14... Qe5 $11) 15. cxb5 $14 axb5 16. Bb3 Bb7 {[#]} (16... Bxd4 $14 17. Qxd4 (17. Bxd4 c5 $11) 17... Qxd4 18. Bxd4 (18. Rxd4 Nf5 $11) 18... Be6) 17. f3 (17. Qc1 $1 $16) 17... Rad8 18. Qe2 {Hoping for Ne6.} ({Wrong is} 18. Nxb5 $2 Qe5 $19) 18... Qe5 19. Rfe1 ({Don't blunder} 19. Nxb5 $2 Nf5 $19) 19... Nd5 20. Bf2 Qxe2 21. Rxe2 Nf4 {[#] Strongly threatening ...Rxd4.} 22. Red2 Bh6 {And now ...c5 would win.} 23. Rc2 Rd7 24. Kf1 Re8 25. Rdc1 Nd5 26. Bxd5 Rxd5 27. Re1 Rxe1+ 28. Kxe1 Bf4 29. Ne2 (29. h4 $11) 29... Bd6 ({Better is} 29... Bxh2 $15 30. Bg3 Bxg3+ 31. Nxg3 Rg5) 30. Bg3 $11 {The position is equal.} Bb4+ 31. Nc3 Rc5 32. a3 Bxc3+ $1 33. Rxc3 Rxc3 {Precision: White = 47%, Black = 42%.} 1/2-1/2

[Event "HUN-chT 2017-18"]
[Site "Budapest"]
[Date "2018.05.05"]
[Round "8"]
[White "Ortel, Endre"]
[Black "Lizak, Peter"]
[Result "0-1"]
[WhiteElo "2192"]
[BlackElo "2442"]
[Annotator "TA"]
[PlyCount "90"]
[EventDate "2018.??.??"]
[EventType "team-tourn"]
[EventCountry "HUN"]
[SourceTitle "playchess.com"]
[Source "ChessBase"]
[SourceQuality "1"]

{[%evp 19,90,-40,-31,-51,-45,-69,-22,-18,-16,-8,-10,-5,22,-12,-19,-16,-18,-28,-18,-24,-23,-25,-25,-25,-31,-18,-17,-20,-27,-31,0,-6,-9,-18,-13,-16,-11,-11,-19,-14,-11,-30,-30,-29,-26,-22,-15,-20,-20,-27,7,-138,-96,-133,-133,-133,-133,-473,-72,-80,-73,-75,-75,-62,-62,-158,-168,-177,-158,-213,-213,-410,-410]} 1. Nf3 b6 2. g3 Bb7 3. Bg2 g6 4. c4 Bg7 5. Nc3 Nf6 6. O-O O-O 7. b3 d5 8. cxd5 Nxd5 9. Bb2 c5 10. a3 Nc6 11. Qc2 {A30: Symmetrical English: Double Fianchetto and Hedgehog} Nc7 12. Rac1 $146 ({Predecessor:} 12. Nd1 Nd4 13. Nxd4 Bxg2 14. Kxg2 cxd4 15. Rc1 Ne6 16. f3 Rc8 17. Qb1 Qd5 18. b4 Bh6 {0-1 (35) Kreindl,H (2210)-Kiss,A (2345) Oberwart 2001}) 12... Ne6 13. Nb5 {The position is equal.} Qd7 14. Bxg7 Nxg7 15. Rfd1 Nf5 16. d4 cxd4 17. e4 Nd6 18. Nbxd4 Nxd4 19. Nxd4 Rac8 20. Qe2 Rxc1 21. Rxc1 e5 22. Nc2 {[%cal Bd4c2,Bc2e3,Be3c4][%mdl 32]} Qc6 {And now ...Rc8 would win.} 23. Rd1 $1 Nb5 {...Nc3 is the strong threat.} 24. Qd3 a5 25. a4 Nc3 26. Re1 Qc5 27. Ne3 Qd4 28. Qxd4 exd4 29. Nc4 d3 {Threatening ...Rc8.} 30. f3 Rc8 {Hoping for ...Rxc4!} 31. Nd2 $1 Ne2+ 32. Kf2 Nd4 $36 {[%mdl 2048] Black has some pressure.} 33. Bf1 Rc3 34. Rb1 Bc8 35. Nc4 (35. b4 $11 {remains equal.}) 35... Be6 36. Nxb6 d2 37. Rd1 Nxf3 38. Be2 $2 {[%mdl 8192]} (38. Nc4 $17 {is tougher.}) 38... Rxb3 $2 (38... Ng5 $19 39. Nc4 Nxe4+ 40. Kg2 Bd5) 39. Bxf3 $17 {aiming for Nd5.} Rxb6 40. Rxd2 $19 {[%mdl 4096] Endgame KRB-KRB} Rb4 41. Bd1 Rxe4 42. Kf3 {[#]} ({Better is} 42. Rd8+ $1 $15 Kg7 43. Ra8) 42... Rb4 $1 $17 43. Kf2 Kg7 44. h4 (44. Ke1 $17) 44... h5 $19 45. Rd6 $2 {[#]} (45. Rd3) 45... Bg4 $1 {Precision: White = 39%, Black = 57%.} 0-1

[Event "HUN-chT 2017-18"]
[Site "Budapest"]
[Date "2018.05.05"]
[Round "8"]
[White "Terbe, Zsuzsanna"]
[Black "Acs, Peter"]
[Result "0-1"]
[WhiteElo "2181"]
[BlackElo "2596"]
[Annotator "TA"]
[PlyCount "90"]
[EventDate "2018.??.??"]
[EventType "team-tourn"]
[EventCountry "HUN"]
[SourceTitle "playchess.com"]
[Source "ChessBase"]
[SourceQuality "1"]

{[%evp 18,90,28,25,31,18,22,16,33,20,29,52,64,51,58,20,14,0,0,-24,-8,-20,0,0,0,0,0,0,-5,-2,-7,-10,0,0,0,0,0,-10,0,-3,0,-10,-13,-81,-82,-77,-24,-38,-9,-106,-106,-83,-83,-158,0,-97,-83,-1006,-1008,-995,-981,-933,-188,-1051,-269,-2187,-450,-5089,-795,-29967,-6103,-29975,-29977,-29976,-29976]} 1. Nf3 d5 2. g3 Nf6 3. Bg2 c6 4. O-O Bg4 5. h3 Bh5 6. d4 {A07: Réti Opening: New York and Capablanca Systems} e6 7. c4 Be7 (7... Nbd7 8. cxd5 exd5 9. Ne5 Ne4 10. Nd2 Nxd2 11. Bxd2 Nxe5 12. dxe5 Bc5 13. Kh2 O-O {½-½ (32) Svidler,P (2768)-Karjakin,S (2753) Wijk aan Zee 2018}) 8. Nc3 O-O 9. Qb3 Qb6 10. Ne5 {LiveBook: 4 Games} Nfd7 11. cxd5 $146 ({Predecessor:} 11. Qxb6 axb6 12. g4 Nxe5 13. dxe5 Bg6 14. cxd5 exd5 15. f4 Bc5+ 16. Kh2 Bc2 17. Bd2 h6 18. Rfc1 Bh7 19. Rd1 b5 {½-½ (19) Larsen,N (1826)-Eife,G (1844) ICCF email 2012}) 11... Qxb3 $1 12. axb3 {Black must now prevent Nxd7.} exd5 13. g4 {Threatens to win with Nxd7.} Bg6 14. Nxg6 hxg6 15. e4 dxe4 16. Nxe4 Na6 17. Bf4 Nb6 18. Nc3 Nb4 19. Rfd1 Rfe8 (19... g5 {with more complications.} 20. Bc7 Rfe8 21. Be4 Rec8 22. Be5 N6d5) 20. d5 N6xd5 21. Nxd5 Nxd5 22. Bxd5 cxd5 23. Rxd5 Bf6 24. Rd7 Re4 25. Ra4 Re7 26. Rxe7 Bxe7 $11 {[%mdl 4096] Endgame KRB-KRB} 27. Be5 a6 28. Rc4 Re8 29. Bd4 Rd8 30. Rc7 (30. Bc3 $11) 30... Rxd4 $17 31. Rxe7 {KR-KR} b5 (31... b6 $17) 32. Kf1 Kf8 33. Re3 (33. Ra7 $11) 33... Rd1+ $1 34. Re1 Rd2 35. Re2 (35. Ra1 $142) 35... Rd1+ ({Better is} 35... Rd3 36. Re3 Rxe3 37. fxe3 Ke7) 36. Re1 $1 {[%cal Re1d1] [#]} Rd3 $1 37. Re3 $2 {[%mdl 8192] [#]} (37. h4 $17) 37... Rxe3 $1 $19 38. fxe3 {KP-KP} Ke7 39. Ke2 Kf6 $2 (39... Kd6 40. Kd3 Ke5) 40. h4 $2 (40. Kf3) 40... Ke5 $2 (40... g5 41. hxg5+ Kxg5) 41. b4 $2 (41. Kf3) 41... Ke4 42. g5 (42. Kf2 $142 Kd3 43. Kf3) 42... f6 (42... f5 $142 43. Kf2 f4 44. exf4 Kxf4) 43. gxf6 gxf6 {[%cal Bg7f6,Bf6f5,Bf5f4][%mdl 32]} 44. b3 f5 45. Kf2 f4 {Precision: White = 27%, Black = 55%.} 0-1

[Event "HUN-chT 2017-18"]
[Site "Budapest"]
[Date "2018.05.06"]
[Round "9"]
[White "Rapport, Richard"]
[Black "Nenezic, Marko"]
[Result "1-0"]
[WhiteElo "2707"]
[BlackElo "2501"]
[Annotator "TA"]
[PlyCount "81"]
[EventDate "2018.??.??"]
[EventType "team-tourn"]
[EventCountry "HUN"]
[SourceTitle "playchess.com"]
[Source "ChessBase"]
[SourceQuality "1"]
[WhiteTeam "Hungary"]
[BlackTeam "Hungary"]
[WhiteTeamCountry "HUN"]
[BlackTeamCountry "HUN"]

{[%evp 28,81,29,6,0,13,25,13,35,37,37,16,40,16,46,55,44,53,40,49,43,0,0,-13,8,14,63,60,56,37,48,60,142,158,153,149,176,168,148,137,269,262,272,135,124,123,2104,2193,2085,708,2113,2084,29983,29984,29997,-66]} 1. e4 c5 2. Nc3 Nc6 3. Nge2 {[%cal Bg1e2,Be2d4,Bd4b5,Bb5a3,Ba3c2][%mdl 32]} Nf6 4. d4 cxd4 5. Nxd4 e5 6. Ndb5 d6 7. Bg5 a6 8. Na3 b5 9. Nd5 Be7 10. Bxf6 Bxf6 11. c4 b4 {B33: Sicilian: Pelikan and Sveshnikov Variations} 12. Nc2 O-O 13. g3 Rb8 14. Qd3 Bg5 15. h4 {LiveBook: 3 Games} Bh6 16. Bh3 Be6 17. Kf1 Qa5 18. Kg2 Qc5 {[#]} 19. Bf5 $146 ({Predecessor:} 19. b3 Bxd5 20. exd5 {1-0 (44) Shirov,A (2712)-Klekowski,M (2478) Germany 2015}) 19... a5 20. Rhd1 Rb7 21. b3 Kh8 22. h5 Ra7 23. Qe2 Re8 24. Bxe6 (24. Rd3 $14) 24... fxe6 $11 25. Nde3 Bxe3 26. Qxe3 Qxe3 27. Nxe3 Nd4 28. c5 dxc5 29. Rac1 Ne2 (29... Rc7 $14) 30. Rxc5 $16 Nc3 31. Rd6 $1 Kg8 32. Rxe5 Nxa2 33. Nc4 ({Weaker is} 33. Rdxe6 Rxe6 34. Rxe6 Nc1 $11) 33... a4 (33... Nc3 $16 {keeps fighting.}) 34. bxa4 $18 ({Worse is} 34. Rdxe6 Rxe6 35. Rxe6 axb3 $11) 34... Rxa4 35. Rdxe6 ({But not} 35. Rexe6 $6 Rxe6 36. Rxe6 Kf8 $16) (35. Rd7 $1 $18 {is the precise move to win.}) 35... Rxe6 $16 36. Rxe6 $18 {And now Re8+ would win. KRN-KRN} b3 $2 {[%mdl 8192] [#]} (36... Kf8 $16 37. Nb2 Ra5) 37. Re8+ $1 Kf7 {[#]} 38. Nd6+ $1 Kf6 39. f4 {[%csl Ge8,Gf4][%cal Re4e5,Bf2f4,Bf4f5][%mdl 32]} g5 40. f5 b2 41. Re6+ {[%mdl 32768] Precision: White = 62%, Black = 26%. . Loss on Time!?} 1-0

[Event "HUN-chT 2017-18"]
[Site "Budapest"]
[Date "2018.05.06"]
[Round "9"]
[White "Almasi, Zoltan"]
[Black "Horvath, Csaba"]
[Result "1-0"]
[WhiteElo "2696"]
[BlackElo "2518"]
[Annotator "TA"]
[PlyCount "87"]
[EventDate "2018.??.??"]
[EventType "team-tourn"]
[EventCountry "HUN"]
[SourceTitle "playchess.com"]
[Source "ChessBase"]
[SourceQuality "1"]
[WhiteTeam "Hungary"]
[BlackTeam "Hungary"]
[WhiteTeamCountry "HUN"]
[BlackTeamCountry "HUN"]

{[%evp 17,87,17,29,18,27,27,26,27,22,19,14,19,27,29,31,50,46,7,9,0,25,29,59,51,62,35,43,52,50,48,126,104,114,113,123,116,102,81,80,79,66,97,161,150,155,185,475,490,614,602,629,617,660,654,633,652,652,633,669,662,655,560,645,0,632,0,651,631,707,693,832,822]} 1. e4 c6 2. d4 d5 3. e5 c5 4. dxc5 Nc6 5. Nf3 Bg4 6. c3 {B12: Caro-Kann: Advance Variation} e6 7. Be3 (7. b4 a6 8. Nbd2 Nxe5 9. Qa4+ Nd7 10. Ne5 Ngf6 11. c4 a5 12. Nb3 axb4 13. Qb5 Be7 {0-1 (53) Topalov,V (2760)-Nakamura,H (2779) London 2016}) 7... a6 8. Nbd2 Nxe5 9. Be2 Nc6 {LiveBook: 4 Games} 10. O-O Nf6 $146 ({Predecessor:} 10... Be7 11. h3 Bxf3 12. Nxf3 Nf6 13. Qc2 O-O {1-0 (45) Boehme,S (2525)-Markus,R (2374) Remote email 2011}) 11. Nd4 Bxe2 12. Qxe2 Be7 13. b4 O-O 14. a4 e5 15. Nf5 Qd7 16. Qf3 e4 17. Nxe7+ Nxe7 18. Qe2 Nf5 19. Rfd1 Nxe3 20. Qxe3 Ng4 21. Qd4 {[#] Black must now prevent Nxe4!} Qc7 22. Nf1 Rad8 23. c4 Nf6 ({Black should play} 23... dxc4 $14 24. Qxe4 Ne5) 24. Ne3 $16 {[%cal Rc4d5]} dxc4 25. Qxc4 Qe5 26. h3 Rd3 27. Rac1 $36 {[%mdl 2048] White has strong initiative.} Rfd8 28. c6 bxc6 29. Qxa6 Qb2 (29... Qd4 $16) 30. Rb1 ({Of course not} 30. Qxc6 $6 Qxb4 31. Re1 h6 $14) 30... Rxd1+ 31. Rxd1 Rb8 $2 {[#]} (31... Rxd1+ {might work better.} 32. Nxd1 Qxb4) 32. Qb6 $1 {[%mdl 512]} Rf8 (32... Rxb6 33. Rd8+) 33. a5 {[%cal Ba4a5,Ba5a6,Ba6a7][%mdl 32]} h5 34. a6 Qa3 35. Qxc6 Qxb4 36. a7 Qa3 37. Qb7 g6 38. Qb8 Kg7 39. Rd6 Qa1+ 40. Rd1 Qa3 $1 41. Rd6 Qa1+ $1 42. Nf1 {White is clearly winning.} e3 43. fxe3 Nh7 44. Qb7 {Precision: White = 78%, Black = 38%.} 1-0

[Event "HUN-chT 2017-18"]
[Site "Budapest"]
[Date "2018.05.06"]
[Round "9"]
[White "Berkes, Ferenc"]
[Black "Mihok, Oliver"]
[Result "1-0"]
[WhiteElo "2670"]
[BlackElo "2550"]
[Annotator "TA"]
[PlyCount "171"]
[EventDate "2018.??.??"]
[EventType "team-tourn"]
[EventCountry "HUN"]
[SourceTitle "playchess.com"]
[Source "ChessBase"]
[SourceQuality "1"]
[WhiteTeam "Hungary"]
[BlackTeam "Hungary"]
[WhiteTeamCountry "HUN"]
[BlackTeamCountry "HUN"]

{[%evp 28,171,37,37,35,0,0,0,0,0,0,0,0,-20,0,-73,0,0,0,0,0,0,0,-66,0,0,0,-74,0,0,0,-135,0,0,17,0,0,0,0,0,0,0,0,0,0,0,0,0,0,0,0,0,0,0,13,13,13,0,0,0,0,0,0,0,0,0,0,0,0,0,0,0,0,0,0,0,0,0,0,0,0,0,0,0,0,0,0,0,0,0,0,0,0,0,0,0,0,0,0,0,0,0,0,0,28,29,78,82,56,74,61,58,62,44,66,4,4,4,152,143,270,270,268,245,622,622,622,622,590,537,485,357,658,592,2015,1916,1823,1805,1599,1538,29980,29981,29981,29981,29985,29986]} 1. d4 Nf6 2. Nf3 g6 3. c4 Bg7 4. Nc3 O-O 5. e4 d6 6. Be2 e5 7. O-O Nc6 8. d5 Ne7 9. Bg5 h6 10. Bxf6 Bxf6 11. b4 Bg7 12. c5 f5 13. Nd2 fxe4 14. Ndxe4 {E97: King's Indian: Classical Main Line (6...e5 7 0-0 Nc6): 8 Be3 and 8 d5 Ne7, not 9 Ne1} Nf5 15. Bg4 {LiveBook: 8 Games} a5 {[#]} 16. b5 $146 {White is slightly better.} ({Predecessor:} 16. cxd6 cxd6 17. bxa5 Rxa5 18. a4 h5 19. Bh3 Nd4 20. Bxc8 Qxc8 21. Rb1 Ra6 {1-0 (46) Gonzalez Zamora,J (2515)-Minero Pineda,S (2415) San Salvador 2001}) 16... b6 17. c6 h5 18. Bh3 Qh4 19. Re1 Bh6 20. Ng3 Kg7 21. a4 (21. Nce4 $11) 21... Nd4 ({Black should play} 21... Nxg3 $17 22. hxg3 Qc4) 22. Bxc8 $11 Raxc8 23. Ra2 Rf7 24. Nce2 Nxe2+ 25. Qxe2 (25. Raxe2 $11 Bf4 26. Qc2) 25... Bf4 26. Nf1 {Black should prevent g3.} Bh6 27. Ng3 $1 Bf4 (27... Qd4 $1 $17) 28. Nf1 Bh6 29. Qd3 (29. Ng3 $1 $11) 29... Rcf8 ({Black should try} 29... Rf4 $1 $17 30. g3 Qg4) 30. Re4 Qd8 31. Rae2 Bf4 32. h3 Qc8 33. Qc3 Kh7 34. Rc4 {[%cal Be4c4,Bc4c3,Bc3f3][%mdl 32]} Rf6 35. Qd3 R8f7 36. Qe4 Kg7 37. Rc3 (37. Qd3 {looks sharper.} Qd8 38. Rce4 Rf8 39. Qd1 R6f7 40. Qd3) 37... Qf5 38. Rf3 Qxe4 39. Rxe4 Rf5 40. Rc3 Bh6 41. Rc2 Bf4 42. g3 Bh6 43. Nh2 Kh7 44. Kg2 Kg7 45. Kf1 Kh7 46. Kg1 Kg7 47. Kg2 Kh7 48. f3 R5f6 49. Kf2 Rf8 50. Ke2 R6f7 51. Rc3 Kg7 52. Rcc4 Kh7 53. Rc2 Kg7 54. Rb2 Bc1 55. Ra2 Bg5 56. Ra1 Bh6 57. Rf1 Kh7 58. Rg1 Rf6 59. Rh1 R6f7 60. Rf1 Kg7 61. Rf2 Kh7 62. Nf1 Kg7 63. Nh2 Kh7 64. Kf1 Kg7 65. Kg2 Kh7 66. Rf1 Kg7 {[#]} 67. f4 $1 {[%mdl 512]} exf4 68. g4 $1 hxg4 69. hxg4 {[#]} f3+ $1 {[%mdl 512]} 70. Nxf3 (70. Rxf3 Bf4) 70... Kg8 71. g5 (71. Re6 $14) 71... Bxg5 $1 72. Rg4 $36 {[%mdl 2048] White has some pressure.} Bh6 (72... Bf6 $1 $11) 73. Rxg6+ $16 Kh7 {[#]} (73... Bg7 $16 {was worth a try.}) 74. Rg3 $1 $18 Rf5 75. Rh1 Rxd5 $2 (75... R8f6 76. Ng5+ Kg7 77. Ne6+ Kf7) 76. Ng5+ $1 Rxg5 77. Rxg5 {[%mdl 4096] Endgame KRR-KRB} Rf6 78. Kg3 Re6 79. Kf3 Kh8 $2 (79... Re7 80. Rh4 Re6) 80. Rgg1 Rf6+ 81. Ke4 Kh7 82. Kd5 Rf4 83. Rf1 {Threatening mate with Rxf4.} Kg7 84. Rxf4 {White mates.} Bxf4 85. Ke6 d5 86. Rg1+ {Precision: White = 83%, Black = 53%.} 1-0

[Event "HUN-chT 2017-18"]
[Site "Budapest"]
[Date "2018.05.06"]
[Round "9"]
[White "Kravtsiv, Martyn"]
[Black "Balog, Imre"]
[Result "1-0"]
[WhiteElo "2655"]
[BlackElo "2548"]
[Annotator "TA"]
[PlyCount "61"]
[EventDate "2018.??.??"]
[EventType "team-tourn"]
[EventCountry "HUN"]
[SourceTitle "playchess.com"]
[Source "ChessBase"]
[SourceQuality "1"]
[WhiteTeam "Hungary"]
[BlackTeam "Hungary"]
[WhiteTeamCountry "HUN"]
[BlackTeamCountry "HUN"]

{[%evp 23,61,91,93,95,181,172,172,161,183,179,183,190,243,190,190,191,191,194,188,186,185,185,189,190,220,220,235,251,279,274,440,408,445,445,491,479,497,487,575,564]} 1. e4 e6 2. d4 d5 3. Nd2 {[%cal Bb1d2,Bd2f1,Bf1e3,Be3d5][%mdl 32]} Nc6 4. Ngf3 Nf6 5. e5 Nd7 6. Bd3 f6 7. exf6 Qxf6 8. Nf1 {C04: French Tarrasch: 3...Nc6} (8. Nb3 Bd6 9. Ng5 g6 10. O-O O-O 11. c4 a5 12. a4 Nb4 13. Be2 dxc4 14. Bxc4 Nb6 15. Be2 N6d5 {½-½ (48) Movsesian,S (2672)-Rapport,R (2704) Tromsoe 2014}) 8... e5 9. Ne3 exd4 10. Nxd5 Qe6+ 11. Qe2 Qxe2+ 12. Bxe2 Bd6 {LiveBook: 3 Games} 13. Bf4 Nb4 (13... Bxf4 $16 {was called for.} 14. Nxf4 Nb6) 14. Bxd6 $18 ({Stronger than} 14. Nxc7+ Bxc7 15. Bxc7 Nxc2+ 16. Kd2 Nxa1 $11) 14... Nxd5 15. Bg3 c5 16. O-O-O $146 O-O 17. Rhe1 Rf6 (17... Rd8 $142 18. Bd6 b6) 18. Bc4 N7b6 19. Bxd5+ Nxd5 20. Re8+ Rf8 21. Rxf8+ Kxf8 22. Bd6+ Kg8 23. c4 Nb6 24. Bxc5 Nxc4 25. Rxd4 b5 26. b3 {[%cal Bb2b3,Bb3b4][%mdl 32]} Na5 $2 {[#]} (26... Nb6 27. Rd8+ Kf7 28. Rf8+ Ke6 29. Nd4+ Ke5 30. Re8+ Kf6 31. Nxb5 Ba6) 27. Rd8+ Kf7 28. Nd4 {White is clearly winning.} Bb7 29. Rd7+ Kg6 30. b4 Rc8 31. Nxb5 {Precision: White = 97%, Black = 28%.} 1-0

[Event "HUN-chT 2017-18"]
[Site "Budapest"]
[Date "2018.05.06"]
[Round "9"]
[White "Volokitin, Andrei"]
[Black "Kallai, Gabor"]
[Result "1-0"]
[WhiteElo "2633"]
[BlackElo "2473"]
[Annotator "TA"]
[PlyCount "47"]
[EventDate "2018.??.??"]
[EventType "team-tourn"]
[EventCountry "HUN"]
[SourceTitle "playchess.com"]
[Source "ChessBase"]
[SourceQuality "1"]
[WhiteTeam "Hungary"]
[BlackTeam "Hungary"]
[WhiteTeamCountry "HUN"]
[BlackTeamCountry "HUN"]

{[%evp 22,47,43,35,43,47,48,37,56,18,44,18,26,22,48,47,47,30,51,35,50,41,67,33,28,28,56,26]} 1. e4 c5 2. Nf3 e6 3. d4 cxd4 4. Nxd4 a6 5. Bd3 Bc5 6. Nb3 Ba7 7. O-O Nc6 8. c4 Nge7 {B42: Sicilian: Kan Variation: 5 Bd3} 9. Nc3 d6 10. Qe2 O-O (10... e5 11. Be3 Nd4 12. Bxd4 exd4 13. Nd5 O-O 14. Nxe7+ Qxe7 15. Qd2 Bd7 {½-½ (89) Sjugirov,S (2673)-Karthikeyan,M (2578) Moscow 2017}) 11. Be3 Bxe3 12. Qxe3 {LiveBook: 9 Games} Qc7 13. Rfd1 $146 ({Predecessor:} 13. f4 Nb4 14. Rad1 Nxd3 15. Qxd3 {½-½ (39) Zamora Perera,G-Milian Gonzalez,J Cuba 1998}) 13... Bd7 14. Be2 Rfd8 15. Na4 {[%cal Bc3a4,Ba4b6,Bb6d5][%mdl 32]} Be8 16. Nb6 Rab8 17. Rac1 Nc8 18. Nd5 Qd7 19. Nf4 Qe7 20. Rd2 h6 21. Nh5 f6 22. c5 Bxh5 23. Bxh5 N8a7 24. Bg4 {[%mdl 32768] Precision: White = 30%, Black = 40%. . Loss on Time!?} 1-0

[Event "HUN-chT 2017-18"]
[Site "Budapest"]
[Date "2018.05.06"]
[Round "9"]
[White "Erdos, Viktor"]
[Black "Terbe, Julianna"]
[Result "1-0"]
[WhiteElo "2622"]
[BlackElo "2217"]
[Annotator "TA"]
[PlyCount "53"]
[EventDate "2018.??.??"]
[EventType "team-tourn"]
[EventCountry "HUN"]
[SourceTitle "playchess.com"]
[Source "ChessBase"]
[SourceQuality "1"]
[WhiteTeam "Hungary"]
[BlackTeam "Hungary"]
[WhiteTeamCountry "HUN"]
[BlackTeamCountry "HUN"]

{[%evp 9,53,0,0,-8,0,0,0,0,10,-4,9,9,18,-39,10,0,-22,-34,16,21,125,110,209,230,326,327,345,325,571,487,490,495,629,617,802,346,354,347,674,695,1025,995,2769,1890,29993,29994]} 1. d4 d5 2. e3 Bf5 3. c4 c6 4. Nc3 e6 5. g4 (5. Nf3 Nd7 6. Be2 h6 7. Bd3 Bxd3 8. Qxd3 Ngf6 9. O-O Bb4 10. a3 Ba5 11. b3 O-O 12. Bb2 Qe7 13. Rfd1 Bc7 14. Qc2 {0-1 (56) Kuzubov,Y (2699)-Grigoriants,S (2561) Riadh 2017}) 5... Bg6 $1 6. Nge2 {D10: Slav Defence: 3 cxd5 (without early Nf3) and 3 Nc3} h6 7. h4 Nd7 8. Nf4 {The position is equal.} Bh7 9. Bd2 $146 ({Predecessor:} 9. cxd5 cxd5 10. g5 Ne7 11. Rg1 Bf5 12. f3 hxg5 13. hxg5 {½-½ (35) Janosi,E (2102)-Moskalenko,E (2109) LSS email 2011}) 9... Be7 10. Qb3 Rb8 11. Nh5 (11. cxd5 $11 exd5 12. Nh5) 11... g6 12. Ng3 {[%cal Rc4d5]} Bxh4 13. e4 {[%cal Rc4d5]} Bxg3 14. fxg3 {[%cal Re4d5]} dxe4 (14... dxc4 $11 15. Qxc4 b5) 15. g5 $16 hxg5 (15... f5 $16) 16. Nxe4 $18 f6 (16... Ngf6 {might work better.} 17. Nxg5 (17. Bxg5 Qa5+ 18. Bd2 Qb6 $16) 17... c5) 17. Bh3 Kf7 18. O-O-O Nf8 $2 (18... g4) 19. Qf3 Kg7 20. Bc3 {[%cal Bd2c3,Bc3d4,Bd4f6][%mdl 32]} b5 {[#]} 21. d5 $1 {[%mdl 512]} cxd5 {[#] Strongly threatening ...b4.} 22. Nxg5 (22. Nxf6 $142 $1 {[%mdl 512] White wants to mate with Ne8+.} Nxf6 23. Rhf1) 22... b4 23. Bd4 Qc7 $2 (23... Qe7 24. Rhe1 e5) 24. Bxe6 Qxc4+ 25. Kb1 {Rc1 is the strong threat.} Qa6 26. Rhf1 Nxe6 27. Bxf6+ {Precision: White = 78%, Black = 16%.} 1-0

[Event "HUN-chT 2017-18"]
[Site "Budapest"]
[Date "2018.05.06"]
[Round "9"]
[White "Banusz, Tamas"]
[Black "Berta, Sandor"]
[Result "1-0"]
[WhiteElo "2604"]
[BlackElo "2069"]
[Annotator "TA"]
[PlyCount "39"]
[EventDate "2018.??.??"]
[EventType "team-tourn"]
[EventCountry "HUN"]
[SourceTitle "playchess.com"]
[Source "ChessBase"]
[SourceQuality "1"]
[WhiteTeam "Hungary"]
[BlackTeam "Hungary"]
[WhiteTeamCountry "HUN"]
[BlackTeamCountry "HUN"]

{[%evp 16,39,33,17,31,28,48,33,36,49,96,89,117,96,151,134,130,137,145,79,466,476,566,533,603,591]} 1. Nf3 g6 2. d4 Bg7 3. c4 Nf6 4. g3 O-O 5. Bg2 d6 6. O-O c6 7. Nc3 Qa5 8. Bd2 {E62: King's Indian: Fianchetto: 6...c6 and Panno Variation (6...Nc6) without ...a6} (8. e4 e5 9. h3 Nbd7 10. Re1 Re8 11. Be3 exd4 12. Nxd4 Ne5 13. Bf1 Be6 14. Nxe6 Rxe6 15. Kg2 Ned7 16. Qd2 Rae8 17. Rab1 Qc7 18. f3 a6 19. Rbd1 b5 20. cxb5 axb5 21. Ne2 d5 22. Nd4 dxe4 23. Nxe6 exf3+ 24. Kxf3 Rxe6 {1-0 (47) Bacallao Alonso,Y (2605)-Almeida Quintana,O (2526) Havana 2018}) 8... Qa6 9. b3 {LiveBook: 10 Games} d5 10. Ne5 {[%cal Rc4d5] White is slightly better.} Rd8 11. cxd5 cxd5 12. Rc1 Nbd7 $146 ({Predecessor:} 12... Bf5 13. e3 Nbd7 14. Nxd7 Rxd7 15. Na4 b6 {1-0 (47) Espinosa Aranda,A (2453)-Garrido Dominguez,J (2395) Madrid 2018}) 13. Nd3 {[#] Threatens to win with Nb4.} e6 14. a4 Ne4 (14... Qb6 $142) 15. Nxe4 dxe4 16. Bxe4 Bxd4 17. Qc2 ({White should play} 17. Bg5 Bf6 18. Qd2) 17... Ne5 $2 {[%mdl 8192] [#]} (17... Nf6 $16 {is more resistant.} 18. Bg5 h6 19. Bxf6 Bxf6) 18. e3 $18 {White is clearly winning.} Ba1 {[%cal Re5d3]} 19. Nc5 ({Not} 19. Rxa1 Nxd3 20. b4 Qd6 $16) 19... Qe2 20. Ba5 {Precision: White = 80%, Black = 30%.} 1-0